| 000 | 00763nam a2200181 a 4500 | ||
|---|---|---|---|
| 008 | 200807s2018 ||||||||||||||||| || u | ||
| 020 | _a9781108436694 | ||
| 050 | _aHD 62.4 Bar | ||
| 100 | _aBartlett, Christopher A | ||
| 245 | 1 | 0 |
_aTransnational management: Text and cases-border management.(8th edition). _cBy Christopher A. Bartlett; Paul W. Beamish |
| 250 | _a8th edition | ||
| 260 |
_aCambridge _bCambridge University Press _c2018 |
||
| 300 | _axviii, 553 pages : illustrations | ||
| 350 | _a67.34 | ||
| 650 | _aINTERNATIONAL BUSINESS ENTERPRISES--MANAGEMENT | ||
| 700 | _aBeamish, Paul W | ||
| 995 |
_FCBU-MAIN LIBRARY (Kitwe) _I67.34 _M1 _UAVAILABLE _WAug 11, 2020 _ZMain Library Open Access Collection |
||
| 999 |
_c60346 _d60346 |
||